| 000 | 01475cam a2200397 i 4500 | ||
|---|---|---|---|
| 005 | 20260322212010.0 | ||
| 008 | data | ||
| 010 | _a 2015024031 | ||
| 020 | _a9780553537512 (hardback) | ||
| 020 | _a9780553537529 (glb) | ||
| 020 | _a9780553537536 (ebook) | ||
| 020 | _a0553537539 | ||
| 040 |
_aDLC _beng _cDLC _erda _dDLC |
||
| 042 |
_apcc _apcc |
||
| 050 | 0 | 0 |
_aPZ7.M67352 _bSaf 2016 |
| 082 | 0 | 0 |
_a[Fic] _223 |
| 084 |
_aJUV001000 _aJUV001010 _aJUV001000 _2bisacsh |
||
| 099 | _aMIRANM | ||
| 100 | 1 |
_aMiranda, Megan, _eauthor. |
|
| 245 | 1 | 4 |
_aThe safest lies / _cMegan Miranda. |
| 250 | _aFirst Edition. | ||
| 264 | 1 |
_aNew York : _bCrown Books for Young Readers, _c[2016] |
|
| 300 |
_a359 pages ; _c22 cm |
||
| 336 |
_atext _2rdacontent |
||
| 337 |
_aunmediated _2rdamedia |
||
| 338 |
_avolume _2rdacarrier |
||
| 520 |
_a"When Kelsey's agoraphobic mother disappears after years of claiming the kidnappers she escaped from were coming back for her, Kelsey quickly discovers that her mother isn't who she thought she was -- and she's not the abductor's only target"-- _cProvided by publisher. |
||
| 650 | 1 |
_aMothers and daughters _vFiction. |
|
| 650 | 1 |
_aIdentity _vFiction. |
|
| 650 | 1 |
_aFear _vFiction. |
|
| 650 | 1 |
_aKidnapping _vFiction. |
|
| 650 | 7 |
_aJUVENILE FICTION / Love & Romance. _2bisacsh |
|
| 650 | 7 |
_aJUVENILE FICTION / Action & Adventure / Survival Stories. _2bisacsh |
|
| 650 | 7 |
_aJUVENILE FICTION / Action & Adventure / General. _2bisacsh |
|
| 001 | data | ||
| 999 |
_c198 _d198 |
||